[Event "DEM U18w Oberhof"]
[Site "?"]
[Date "2013.05.24"]
[Round "8.5"]
[White "Schmalhorst, Sophia"]
[Black "Zeller, Elisa"]
[Result "1/2-1/2"]
[WhiteElo "1925"]
[BlackElo "1896"]
[PlyCount "126"]
[EventDate "2013.??.??"]

1. e4 e6 2. d4 d5 3. Nd2 Nf6 4. e5 Nfd7 5. f4 c5 6. Ngf3 Nc6 7. Nb3 cxd4 8.
Nbxd4 Bc5 9. c3 O-O 10. Be2 Qb6 11. O-O f6 12. exf6 Nxf6 13. Kh1 Bd7 14. Nb3
Be7 15. Qd3 Ne4 16. Be3 Qc7 17. Nfd4 a6 18. Bf3 Nxd4 19. Nxd4 Nc5 20. Qd2 Kh8
21. Rae1 Bd6 22. g3 Rae8 23. Nb3 Nxb3 24. axb3 Bb5 25. Rf2 Bc6 26. Bd4 e5 27.
fxe5 Bxe5 28. Bg2 Bxd4 29. Rxf8+ Rxf8 30. Qxd4 Qf7 31. Rf1 Qe7 32. Rxf8+ Qxf8
33. Kg1 Qe8 34. Qd2 Qe5 35. Bf3 g6 36. Qe2 Qxe2 37. Bxe2 Kg7 38. Kf2 Kf6 39.
Ke3 Ke5 40. Bg4 h6 41. b4 b6 42. Bf3 Bb5 43. Bd1 Bf1 44. Bc2 g5 45. Bg6 Bb5 46.
Bh5 Bf1 47. Be8 Bc4 48. Bc6 Bf1 49. Bb7 Bc4 50. Bc8 a5 51. bxa5 bxa5 52. Bd7
Bb3 53. Bb5 Bc4 54. Ba4 Ba6 55. Be8 Bc4 56. b4 axb4 57. cxb4 d4+ 58. Kd2 Kd6
59. Bg6 Kc6 60. Be8+ Kb6 61. Ba4 Ba6 62. Bc2 Bc4 63. Ba4 Ba6 1/2-1/2

[Event "DEM U18w Oberhof"]
[Site "?"]
[Date "2013.05.24"]
[Round "8.6"]
[White "Berger, Nadja"]
[Black "Halas, Julia"]
[Result "1-0"]
[WhiteElo "1789"]
[BlackElo "1576"]
[PlyCount "67"]
[EventDate "2013.??.??"]

1. d4 Nf6 2. c4 g6 3. Nc3 Bg7 4. Nf3 O-O 5. e3 d6 6. Be2 Nbd7 7. O-O c5 8. a3
b6 9. Rb1 Bb7 10. b4 cxd4 11. exd4 Ne4 12. Bb2 Rc8 13. Nxe4 Bxe4 14. Bd3 Bb7
15. Re1 Ba6 16. Qe2 Re8 17. Rbc1 d5 18. b5 dxc4 19. Bxc4 Bb7 20. Ne5 Nxe5 21.
dxe5 e6 22. Red1 Qg5 23. f3 Red8 24. Bd3 h5 25. Kf1 Qf4 26. Kg1 Qg5 27. Rf1
Bxe5 28. Rxc8 Bxc8 29. Bxe5 Qe7 30. Bb2 Bb7 31. Bc4 Qc5+ 32. Kh1 Qd6 33. Qe3
Qd1 34. Qe5 1-0

[Event "DEM U18w Oberhof"]
[Site "?"]
[Date "2013.05.24"]
[Round "8.7"]
[White "Steimbach, Isabel"]
[Black "Liez, Franziska"]
[Result "0-1"]
[WhiteElo "1753"]
[BlackElo "1844"]
[PlyCount "58"]
[EventDate "2013.??.??"]

1. e4 e5 2. Nf3 Nc6 3. Nc3 Nf6 4. a3 d5 5. Bb5 Nxe4 6. Qe2 Nxc3 7. Qxe5+ Be7 8.
Qxc3 O-O 9. Bxc6 bxc6 10. Qxc6 Rb8 11. d4 Rb6 12. Qc3 Ba6 13. Be3 f6 14. Nd2
Qd7 15. Nb3 Rfb8 16. h3 Qb5 17. Qd2 Re6 18. O-O-O Rc6 19. Kb1 Bc8 20. Qa5 Qc4
21. Rd2 Ra6 22. Qc3 Qxc3 23. bxc3 Bf5 24. Kc1 Rxa3 25. g4 Be4 26. Rg1 a5 27.
Rdd1 Ra2 28. f3 Rxc2+ 29. Kb1 Rxb3+ 0-1

[Event "DEM U18w Oberhof"]
[Site "?"]
[Date "2013.05.24"]
[Round "8.8"]
[White "Stolcz, Bianca"]
[Black "Kostre, Margarita"]
[Result "1/2-1/2"]
[WhiteElo "1697"]
[BlackElo "1723"]
[PlyCount "53"]
[EventDate "2013.??.??"]

1. e4 e5 2. Nf3 Nc6 3. d4 exd4 4. Nxd4 Nf6 5. Nxc6 bxc6 6. e5 Qe7 7. Qe2 Nd5 8.
c4 Nb6 9. Nc3 d5 10. cxd5 cxd5 11. Bf4 c6 12. Qe3 Qc5 13. Qxc5 Bxc5 14. Bd3 O-O
15. O-O Re8 16. Rac1 Bd4 17. Rfe1 Nd7 18. Na4 Nxe5 19. Bxe5 Bxe5 20. Kh1 Bg4
21. h3 Bh5 22. Rxc6 f6 23. g4 Bf7 24. b3 Rec8 25. Rec1 Rd8 26. Nc5 Be8 27. Ra6
1/2-1/2

[Event "DEM U18w Oberhof"]
[Site "?"]
[Date "2013.05.24"]
[Round "8.9"]
[White "Wulf, Constanze"]
[Black "Schaefer, Ann-Kathrin"]
[Result "0-1"]
[WhiteElo "1675"]
[BlackElo "1698"]
[PlyCount "32"]
[EventDate "2013.??.??"]

1. d4 Nf6 2. c4 e5 3. dxe5 Ng4 4. Nf3 Bc5 5. e3 Nc6 6. a3 a5 7. Be2 Ngxe5 8.
Nxe5 Nxe5 9. O-O O-O 10. Nd2 Ra6 11. Nf3 Re8 12. Bd2 Rg6 13. Bc3 Nxf3+ 14. Bxf3
b6 15. b4 Bd6 16. bxa5 Bxh2+ 0-1

[Event "DEM U18w Oberhof"]
[Site "?"]
[Date "2013.05.24"]
[Round "8.10"]
[White "Lehmann, Patricia"]
[Black "Tobianski, Karina"]
[Result "1-0"]
[WhiteElo "1637"]
[BlackElo "1498"]
[PlyCount "61"]
[EventDate "2013.??.??"]

1. d4 Nf6 2. Nf3 e6 3. c4 Bb4+ 4. Bd2 Qe7 5. a3 Bxd2+ 6. Qxd2 d6 7. Nc3 O-O 8.
e4 Nc6 9. Be2 e5 10. d5 Nb8 11. h3 a5 12. O-O Na6 13. b4 axb4 14. axb4 Bd7 15.
Rab1 h6 16. Ne1 Nh7 17. f4 exf4 18. Qxf4 Qg5 19. Qxg5 Nxg5 20. h4 Nh7 21. Nd3
Rfe8 22. b5 Nb8 23. c5 dxc5 24. Nxc5 b6 25. Nd3 Nf6 26. Bf3 Ra3 27. Rfc1 Re7
28. Ra1 Rxa1 29. Rxa1 Be8 30. Ra7 Kh7 31. d6 1-0

[Event "DEM U18w Oberhof"]
[Site "?"]
[Date "2013.05.24"]
[Round "8.11"]
[White "Tettmann, Ann-Kathrin"]
[Black "Spieker, Christine"]
[Result "1-0"]
[WhiteElo "1871"]
[BlackElo "1689"]
[PlyCount "67"]
[EventDate "2013.??.??"]

1. c4 Nf6 2. Nc3 g6 3. g3 Bg7 4. Bg2 O-O 5. d3 c5 6. e4 Nc6 7. Nge2 d6 8. O-O
Bd7 9. h3 Rb8 10. Be3 a6 11. Qd2 Qc8 12. Kh2 Re8 13. Bh6 Bh8 14. f4 b5 15. b3
Nh5 16. Rae1 Ng7 17. f5 Ne5 18. f6 exf6 19. Nd5 Ne6 20. Nxf6+ Bxf6 21. Rxf6 Qc7
22. Nc3 Ng7 23. Nd5 Qc6 24. Rf2 Be6 25. Nf6+ Kh8 26. Nxe8 Rxe8 27. Ref1 Qc7 28.
cxb5 axb5 29. d4 cxd4 30. Qxd4 Qc5 31. Qd2 Rc8 32. Qg5 Nd3 33. Qf6 Qe5 34.
Bxg7+ 1-0

[Event "DEM U18w Oberhof"]
[Site "?"]
[Date "2013.05.24"]
[Round "8.12"]
[White "Tran, Kim Thuy-Vy"]
[Black "Puffay, Jana"]
[Result "0-1"]
[WhiteElo "763"]
[BlackElo "1498"]
[PlyCount "62"]
[EventDate "2013.??.??"]

1. d4 Nf6 2. Bf4 d5 3. e3 Nbd7 4. c3 e6 5. Be2 Be7 6. Nf3 O-O 7. Nbd2 c5 8. h3
c4 9. O-O b5 10. a3 Bb7 11. Ne5 Nxe5 12. Bxe5 Nd7 13. Bh2 a5 14. Nf3 f6 15. Qd2
Qb6 16. b4 cxb3 17. Rfb1 a4 18. Ne1 Rfc8 19. Qc1 b4 20. axb4 Bxb4 21. c4 dxc4
22. Nf3 c3 23. Qf1 c2 24. Bd3 cxb1=Q 25. Bxb1 Bc3 26. Qd3 Nf8 27. Bg3 Bxa1 28.
Kh2 Bxf3 29. gxf3 a3 30. Qe2 a2 31. Bd3 b2 0-1

[Event "DEM U18w Oberhof"]
[Site "?"]
[Date "2013.05.25"]
[Round "9.2"]
[White "Kuckling, Hannah"]
[Black "Berger, Nadja"]
[Result "1-0"]
[WhiteElo "1909"]
[BlackElo "1789"]
[PlyCount "61"]
[EventDate "2013.??.??"]

1. e4 e6 2. d4 d5 3. Nd2 h6 4. c3 c5 5. e5 Nc6 6. Ngf3 Nge7 7. Be2 cxd4 8. cxd4
Nf5 9. Nb3 a5 10. Be3 a4 11. Nc1 Bb4+ 12. Kf1 O-O 13. Nd3 Nxe3+ 14. fxe3 Be7
15. g3 Qe8 16. Kg2 f6 17. exf6 Bxf6 18. Rf1 Qg6 19. Nf4 Qe8 20. Bd3 Ne7 21. Rc1
g5 22. Ne2 Nf5 23. Qd2 Bg7 24. Rc7 Qh5 25. Bxf5 exf5 26. Rfc1 f4 27. exf4 Bg4
28. Nfg1 Rae8 29. R1c2 Re4 30. Nc3 Rxd4 31. Rxg7+ 1-0

[Event "DEM U18w Oberhof"]
[Site "?"]
[Date "2013.05.25"]
[Round "9.3"]
[White "Spiegelberg, Silvia"]
[Black "Schaetz, Bianca"]
[Result "1/2-1/2"]
[WhiteElo "1926"]
[BlackElo "1846"]
[PlyCount "132"]
[EventDate "2013.??.??"]

1. e4 c5 2. Nc3 Nc6 3. Bb5 Na5 4. Be2 Nc6 5. Nf3 g6 6. d3 Bg7 7. Be3 Nd4 8. Qd2
Qa5 9. Nxd4 cxd4 10. Nd5 Qd8 11. Bf4 d6 12. c3 e6 13. Nb4 dxc3 14. bxc3 a5 15.
Nc2 Qc7 16. d4 Bd7 17. Na3 e5 18. dxe5 dxe5 19. Be3 Ne7 20. Nb5 Bxb5 21. Bxb5+
Nc6 22. Bc5 h6 23. O-O Bf8 24. Be3 Rd8 25. Qb2 Bd6 26. Ba4 Qc8 27. Rab1 Rd7 28.
Rfd1 g5 29. Bb6 Qa8 30. c4 f6 31. c5 Be7 32. Rxd7 Kxd7 33. Bxa5 Kc8 34. Bxc6
bxc6 35. Bb6 Bd8 36. Qb3 Qb7 37. Qe6+ Qd7 38. Qc4 Bxb6 39. cxb6 Kb7 40. a4 Rd8
41. a5 Ra8 42. Ra1 Ra6 43. h3 Qe7 44. Qg8 h5 45. Qg6 h4 46. Qf5 Ra8 47. Rd1 Ka6
48. Qg4 Qc5 49. Qe2+ Qb5 50. Qxb5+ cxb5 51. Kf1 Rf8 52. Ra1 b4 53. Ke2 Rd8 54.
Kf3 Rd2 55. Rb1 Kxa5 56. b7 Rd8 57. Ra1+ Kb6 58. Ra8 Rd3+ 59. Ke2 Kxb7 60. Kxd3
Kxa8 61. Kc4 b3 62. Kxb3 Kb7 63. Kc4 Kc6 64. f3 Kd6 65. Kb5 Kd7 66. Kb6 Kd6
1/2-1/2

[Event "DEM U18w Oberhof"]
[Site "?"]
[Date "2013.05.25"]
[Round "9.4"]
[White "Kuehnel, Lena"]
[Black "Winterholler, Christina"]
[Result "1/2-1/2"]
[WhiteElo "1933"]
[BlackElo "1891"]
[PlyCount "40"]
[EventDate "2013.??.??"]

1. e4 e5 2. Nf3 Nc6 3. Bc4 Bc5 4. c3 Nf6 5. d3 a6 6. O-O Ba7 7. Bb3 d6 8. Nbd2
h6 9. Re1 Nh7 10. Nf1 Qf6 11. Ne3 Bxe3 12. fxe3 Bg4 13. Rf1 Ng5 14. Qe1 O-O 15.
Nxg5 Qxg5 16. Qf2 Bh5 17. Bd2 Kh8 18. Bd5 Bg6 19. Qe2 Nd8 20. Rae1 c6 1/2-1/2

[Event "DEM U18w Oberhof"]
[Site "?"]
[Date "2013.05.25"]
[Round "9.5"]
[White "Zeller, Elisa"]
[Black "Tran, My Linh"]
[Result "0-1"]
[WhiteElo "1896"]
[BlackElo "2085"]
[PlyCount "102"]
[EventDate "2013.??.??"]

1. e4 e5 2. Nc3 Nc6 3. g3 Nf6 4. Bg2 Bc5 5. Nf3 d6 6. O-O a6 7. h3 h6 8. d3 Be6
9. Ne2 Qd7 10. Kh2 O-O-O 11. c3 Ba7 12. d4 exd4 13. Nfxd4 Nxd4 14. cxd4 d5 15.
e5 Nh7 16. Nf4 g5 17. Nxe6 fxe6 18. a4 Nf8 19. b4 Ng6 20. Qd3 Ne7 21. b5 a5 22.
Bd2 Bb6 23. Bc3 Nf5 24. Qd2 Qf7 25. Rac1 Rd7 26. Rc2 Kd8 27. Rfc1 Ke8 28. g4
Nh4 29. Bxa5 h5 30. Bxb6 hxg4 31. Rxc7 Nf3+ 32. Kg3 Rxc7 33. Rxc7 Qxc7 34. Bxf3
Rxh3+ 35. Kg2 Qxb6 36. Bxg4 Rh8 37. Qxg5 Qxd4 38. Qg6+ Kd8 39. Qf6+ Kc7 40.
Qxh8 Qxg4+ 41. Kf1 Qxa4 42. b6+ Kxb6 43. Qd8+ Ka7 44. Qd6 Qc6 45. Qe7 d4 46.
Kg1 Qc1+ 47. Kg2 d3 48. Qxe6 d2 49. Qa2+ Kb8 50. Qg8+ Qc8 51. Qd5 Qc6 0-1

[Event "DEM U18w Oberhof"]
[Site "?"]
[Date "2013.05.25"]
[Round "9.6"]
[White "Schrader, Elanor"]
[Black "Stolcz, Bianca"]
[Result "0-1"]
[WhiteElo "1738"]
[BlackElo "1697"]
[PlyCount "124"]
[EventDate "2013.??.??"]

1. e4 c5 2. c3 g6 3. d4 cxd4 4. cxd4 d5 5. exd5 Nf6 6. Nc3 Nxd5 7. Qb3 Nb6 8.
Bb5+ Bd7 9. Nf3 Bg7 10. a4 O-O 11. Bxd7 Qxd7 12. a5 Nc8 13. Ne5 Bxe5 14. dxe5
Nc6 15. Bh6 Rd8 16. O-O Nxe5 17. Rfd1 Nd6 18. Ne4 Qc6 19. Ng5 Nf5 20. f4 Nxh6
21. fxe5 Qc5+ 22. Kh1 Qxe5 23. Nf3 Qc7 24. Rdc1 Qd7 25. Rd1 Qc6 26. Rdc1 Qd5
27. Qxd5 Rxd5 28. Rc7 Rb5 29. Ra2 e5 30. Ng5 Rd8 31. h3 Rd2 32. a6 bxa6 33.
Rxa6 Rbxb2 34. Raxa7 Rxg2 35. Ne6 Rh2+ 36. Kg1 Rhg2+ 37. Kf1 Rbf2+ 38. Ke1 fxe6
39. Rg7+ Kf8 40. Rxh7 Ra2 41. Rxa2 Rxa2 42. Rxh6 Kg7 43. Rh4 Kf6 44. Rh8 e4 45.
Rf8+ Kg5 46. Re8 Kf6 47. Rf8+ Kg7 48. Rf4 Ra4 49. Ke2 e5 50. Rg4 Kf6 51. h4 Kf5
52. Rg5+ Kf4 53. Rxg6 Ra2+ 54. Kf1 e3 55. Rf6+ Kg4 56. h5 Rh2 57. h6 e4 58.
Rg6+ Kf5 59. Rg3 Kf4 60. Rg6 e2+ 61. Ke1 Kf3 62. Rc6 Rh1+ 0-1

[Event "DEM U18w Oberhof"]
[Site "?"]
[Date "2013.05.25"]
[Round "9.7"]
[White "Schaefer, Ann-Kathrin"]
[Black "Schmalhorst, Sophia"]
[Result "0-1"]
[WhiteElo "1698"]
[BlackElo "1925"]
[PlyCount "62"]
[EventDate "2013.??.??"]

1. e4 e5 2. Nf3 Nc6 3. Bc4 Bc5 4. c3 Nf6 5. d3 d6 6. Nbd2 Bb6 7. O-O O-O 8. Bb3
Ne7 9. h3 c6 10. Re1 Ng6 11. Nf1 Nh5 12. Ne3 Nhf4 13. Nf5 Qf6 14. Ng3 Nh4 15.
Bxf4 Qxf4 16. Rc1 Qxg3 17. Nxh4 Qxf2+ 18. Kh1 Qxh4 19. Qf3 Be6 20. Rf1 Bxb3 21.
axb3 Rae8 22. Rc2 Re6 23. Qe2 Rf6 24. Rxf6 Qxf6 25. Rc1 Qf2 26. Qxf2 Bxf2 27.
Rf1 Bb6 28. Kh2 d5 29. exd5 cxd5 30. Rf5 f6 31. Kg3 Re8 0-1

[Event "DEM U18w Oberhof"]
[Site "?"]
[Date "2013.05.25"]
[Round "9.8"]
[White "Kostre, Margarita"]
[Black "Lehmann, Patricia"]
[Result "1/2-1/2"]
[WhiteElo "1723"]
[BlackElo "1637"]
[PlyCount "83"]
[EventDate "2013.??.??"]

1. e4 c5 2. Nf3 d6 3. d4 cxd4 4. Qxd4 Nc6 5. Bb5 Bd7 6. Bxc6 Bxc6 7. Nc3 Nf6 8.
Bg5 e5 9. Qd3 h6 10. Bh4 Be7 11. O-O-O g5 12. Bg3 Qa5 13. Qc4 Nd7 14. h4 Nb6
15. Qb3 g4 16. Nd2 Rc8 17. f3 Bd7 18. Bf2 Be6 19. Bxb6 Qxb6 20. Qxb6 axb6 21.
Nd5 gxf3 22. gxf3 Bxd5 23. exd5 Kd7 24. f4 f6 25. f5 Rc5 26. Ne4 Rc4 27. Ng3
Rg8 28. Nf1 Rf4 29. Ne3 Rf3 30. Kd2 Rgg3 31. Rde1 Rh3 32. Rxh3 Rxh3 33. Nf1 Rf3
34. Ne3 Rh3 35. Rg1 Rxh4 36. Rg7 Ke8 37. Rg8+ Kf7 38. Rb8 h5 39. Rxb7 Rf4 40.
Rb8 Kg7 41. Rb7 Kf7 42. Rxb6 1/2-1/2

[Event "DEM U18w Oberhof"]
[Site "?"]
[Date "2013.05.25"]
[Round "9.9"]
[White "Puffay, Jana"]
[Black "Tettmann, Ann-Kathrin"]
[Result "1-0"]
[WhiteElo "1498"]
[BlackElo "1871"]
[PlyCount "43"]
[EventDate "2013.??.??"]

1. e4 c5 2. Nc3 a6 3. Nf3 e6 4. a4 Nc6 5. d4 cxd4 6. Nxd4 d6 7. Bc4 Nf6 8. O-O
Be7 9. Be3 Qc7 10. h3 Ne5 11. Ba2 b6 12. Re1 Bb7 13. Bg5 Rc8 14. Bxe6 fxe6 15.
Nxe6 Qd7 16. Nxg7+ Kf7 17. Nf5 Rc4 18. Bxf6 Kxf6 19. f4 Ng6 20. e5+ Nxe5 21.
fxe5+ Kxf5 22. Qd3+ 1-0

[Event "DEM U18w Oberhof"]
[Site "?"]
[Date "2013.05.25"]
[Round "9.10"]
[White "Tobianski, Karina"]
[Black "Steimbach, Isabel"]
[Result "0-1"]
[WhiteElo "1498"]
[BlackElo "1753"]
[PlyCount "48"]
[EventDate "2013.??.??"]

1. e4 e5 2. d4 exd4 3. c3 dxc3 4. Bc4 Bb4 5. bxc3 Qf6 6. Bb2 Bc5 7. Qc2 Nc6 8.
Nf3 d6 9. Nbd2 Nge7 10. O-O O-O 11. Bd3 Ng6 12. c4 Nge5 13. Kh1 Nb4 14. Bxe5
dxe5 15. Qb3 Rd8 16. Bc2 Bg4 17. a3 Nxc2 18. Qxc2 Rd7 19. Ra2 Rad8 20. Qb2 Bxf3
21. Nxf3 b6 22. Qc2 Rd3 23. h4 R8d6 24. Raa1 Rxf3 0-1

[Event "DEM U18w Oberhof"]
[Site "?"]
[Date "2013.05.25"]
[Round "9.11"]
[White "Halas, Julia"]
[Black "Tran, Kim Thuy-Vy"]
[Result "1-0"]
[WhiteElo "1576"]
[BlackElo "763"]
[PlyCount "57"]
[EventDate "2013.??.??"]

1. d4 d5 2. c4 c6 3. Nc3 dxc4 4. e4 Nd7 5. Bxc4 Nb6 6. Bb3 Bd7 7. Nf3 e6 8. O-O
Bb4 9. Ne5 h6 10. a3 Bxc3 11. bxc3 Nf6 12. Re1 O-O 13. Qf3 Nh7 14. Qg3 Ng5 15.
h4 f6 16. hxg5 fxg5 17. Qg4 Re8 18. Be3 Nc8 19. d5 Qf6 20. Nxd7 Qxc3 21. Rab1
Kh8 22. dxe6 Nd6 23. Rec1 Qa5 24. a4 Rac8 25. e5 Nb5 26. axb5 Qxb5 27. Qf5 Rg8
28. Bc2 g6 29. Qf6+ 1-0

[Event "DEM U18w Oberhof"]
[Site "?"]
[Date "2013.05.25"]
[Round "9.12"]
[White "Spieker, Christine"]
[Black "Wulf, Constanze"]
[Result "1/2-1/2"]
[WhiteElo "1689"]
[BlackElo "1675"]
[PlyCount "45"]
[EventDate "2013.??.??"]

1. d4 d5 2. c4 c6 3. Nf3 Nf6 4. e3 Bg4 5. Nc3 e6 6. h3 Bxf3 7. Qxf3 Bd6 8. Bd3
Nbd7 9. O-O O-O 10. Bd2 Re8 11. Rac1 dxc4 12. Bxc4 Nb6 13. Bb3 e5 14. dxe5 Bxe5
15. Rfd1 Qe7 16. a3 Rad8 17. Ba2 Nbd5 18. Nxd5 Nxd5 19. b4 Rd7 20. Bxd5 Rxd5
21. Bc3 Rxd1+ 22. Qxd1 Rd8 23. Qc2 1/2-1/2

[Event "DEM U16 Oberhof"]
[Site "?"]
[Date "2013.05.19"]
[Round "1.1"]
[White "Schroeder, Jan-Christian"]
[Black "Ruff, Maximilian"]
[Result "1-0"]
[WhiteElo "2322"]
[BlackElo "2073"]
[PlyCount "137"]
[EventDate "2013.??.??"]

1. e4 e5 2. Nf3 Nc6 3. Bb5 a6 4. Ba4 Nf6 5. O-O Be7 6. Re1 b5 7. Bb3 d6 8. c3
O-O 9. h3 Na5 10. Bc2 c5 11. d4 Qc7 12. d5 Bd7 13. b3 Nb7 14. Nbd2 Ne8 15. Nf1
g6 16. Bh6 Ng7 17. Qe2 Rfb8 18. Bd3 Nd8 19. a4 Qb7 20. Ra2 a5 21. axb5 Bxb5 22.
N1d2 Bxd3 23. Qxd3 Qc7 24. Rea1 Rb7 25. Ra3 Rba7 26. Nc4 f6 27. Qd2 Nf7 28.
Bxg7 Kxg7 29. Qa2 Bd8 30. Ra4 f5 31. Ncd2 fxe4 32. Nxe4 Qb7 33. c4 Rb8 34. Nfd2
Ra6 35. Qb2 Kg8 36. Rf1 Qd7 37. Qc3 Rb4 38. Rfa1 Ra8 39. Rxa5 Rab8 40. Ra8 Kg7
41. Qg3 Nh6 42. R1a7 R4b7 43. Rxb7 Rxb7 44. Ng5 Bxg5 45. Qxg5 Nf7 46. Qh4 Qf5
47. Ne4 g5 48. Qg4 Qxg4 49. hxg4 Rxb3 50. Ng3 Rxg3 51. fxg3 Kf6 52. Kf2 e4 53.
Ke3 Ne5 54. Rf8+ Ke7 55. Rh8 Nxc4+ 56. Kxe4 Kf6 57. Rxh7 Nd2+ 58. Kd3 Nf1 59.
Rh3 c4+ 60. Kxc4 Ne3+ 61. Kd4 Nxg4 62. Rh7 Ne5 63. Ke4 Kg6 64. Re7 Ng4 65. Re6+
Nf6+ 66. Kd4 Kf5 67. Rxd6 Ne4 68. g4+ Kf4 69. Re6 1-0

[Event "DEM U16 Oberhof"]
[Site "?"]
[Date "2013.05.19"]
[Round "1.2"]
[White "Hinrichs, Lars"]
[Black "Lampert, Jonas"]
[Result "0-1"]
[WhiteElo "1993"]
[BlackElo "2333"]
[PlyCount "76"]
[EventDate "2013.??.??"]

1. c4 e5 2. g3 Nc6 3. Bg2 Nf6 4. Nc3 Bc5 5. e3 d6 6. Nge2 O-O 7. O-O a6 8. d4
exd4 9. Nxd4 Ne5 10. b3 Bg4 11. f3 Bd7 12. g4 h6 13. h3 Ng6 14. f4 c6 15. Qe1
Re8 16. Qg3 Bb4 17. Nde2 Nh7 18. a3 Ba5 19. Ne4 Bc7 20. Nd4 Qh4 21. Nf5 Qxg3
22. Nexg3 Ne7 23. e4 Nxf5 24. gxf5 b5 25. Be3 c5 26. Bd2 Rab8 27. Rab1 bxc4 28.
bxc4 Ba4 29. Rfc1 Nf6 30. Bc3 Nd7 31. Bf1 Bb3 32. Bd3 d5 33. e5 dxc4 34. Be4
Nb6 35. Bc6 Red8 36. Ne4 Nd5 37. Nxc5 Nxc3 38. Rxc3 Bb6 0-1

[Event "DEM U16 Oberhof"]
[Site "?"]
[Date "2013.05.19"]
[Round "1.3"]
[White "Kvetny, Mark"]
[Black "Kieslich, Aaron"]
[Result "1-0"]
[WhiteElo "2269"]
[BlackElo "2028"]
[PlyCount "69"]
[EventDate "2013.??.??"]

1. d4 Nf6 2. c4 e6 3. Nc3 Bb4 4. f3 c5 5. d5 exd5 6. cxd5 d6 7. e4 O-O 8. Bd3
Bxc3+ 9. bxc3 Qa5 10. Ne2 b5 11. O-O Nbd7 12. Bg5 Qb6 13. Kh1 a5 14. Rb1 b4 15.
c4 Ba6 16. f4 Rfe8 17. Ng3 h6 18. Bh4 Nh7 19. Qf3 g6 20. Rbe1 Qc7 21. e5 dxe5
22. fxe5 Nxe5 23. Rxe5 Rxe5 24. d6 Qa7 25. d7 Rf8 26. d8=Q Rxd8 27. Bxd8 Qd7
28. Bxa5 Ng5 29. Qa8+ Bc8 30. Bc2 Kg7 31. Qb8 Qe6 32. Bd8 f5 33. Bc7 Re1 34.
Bf4 Ne4 35. Qe5+ 1-0

[Event "DEM U16 Oberhof"]
[Site "?"]
[Date "2013.05.19"]
[Round "1.4"]
[White "Bingert, Tim Niklas"]
[Black "Yankelevich, Lev"]
[Result "0-1"]
[WhiteElo "2020"]
[BlackElo "2221"]
[PlyCount "46"]
[EventDate "2013.??.??"]

1. e4 c5 2. Nf3 d6 3. d4 cxd4 4. Nxd4 Nf6 5. Nc3 a6 6. Be2 e5 7. Nb3 Be7 8. Be3
Be6 9. g4 h6 10. Rg1 Nc6 11. Qd2 a5 12. f4 a4 13. f5 Bd7 14. Nc1 Na5 15. Bd3
Bc6 16. N1e2 Qd7 17. O-O-O b5 18. a3 Qb7 19. Nd5 Bxd5 20. exd5 e4 21. h4 exd3
22. Qxd3 Nc4 23. g5 Ne5 0-1

[Event "DEM U16 Oberhof"]
[Site "?"]
[Date "2013.05.19"]
[Round "1.5"]
[White "Tennert, Simon"]
[Black "Mueller, Constantin"]
[Result "0-1"]
[WhiteElo "2148"]
[BlackElo "1956"]
[PlyCount "70"]
[EventDate "2013.??.??"]

1. e4 c5 2. Nf3 e6 3. d4 cxd4 4. Nxd4 a6 5. Bd3 Bc5 6. Nb3 Be7 7. O-O d6 8. Qe2
Nf6 9. c4 b6 10. Nc3 Bb7 11. Bd2 Nbd7 12. f4 Qc7 13. a4 h5 14. Kh1 h4 15. f5 h3
16. g3 Ne5 17. fxe6 fxe6 18. Nd4 Qd7 19. Bc2 Rc8 20. Bb3 Nc6 21. Nf3 O-O 22.
Rad1 Ne5 23. Ng5 d5 24. cxd5 exd5 25. Bf4 Nc4 26. exd5 b5 27. axb5 axb5 28. Qd3
Nxb2 29. Qd2 Nxd1 30. Rxd1 Bb4 31. Be5 Ng4 32. Kg1 Nxe5 33. d6+ Nc4 34. Nd5
Bc5+ 35. Kh1 Nxd2 0-1

[Event "DEM U16 Oberhof"]
[Site "?"]
[Date "2013.05.19"]
[Round "1.6"]
[White "Walter, Kevin"]
[Black "Koop, Thorben"]
[Result "1/2-1/2"]
[WhiteElo "1931"]
[BlackElo "2145"]
[PlyCount "122"]
[EventDate "2013.??.??"]

1. e4 c5 2. Nf3 Nc6 3. d4 cxd4 4. Nxd4 e5 5. Nb5 d6 6. Be3 Be6 7. Nd2 a6 8. Nc3
Nf6 9. Nc4 b5 10. Nb6 Rb8 11. Nbd5 Ng4 12. Be2 Nxe3 13. fxe3 b4 14. Na4 Be7 15.
O-O O-O 16. b3 a5 17. Nb2 Bg5 18. Nc4 Ne7 19. Nxe7+ Qxe7 20. Qxd6 Bxe3+ 21. Kh1
Qxd6 22. Nxd6 Bd4 23. Rad1 Rfd8 24. Nc4 a4 25. Na5 Rbc8 26. Bc4 Bxc4 27. Nxc4
f6 28. a3 axb3 29. cxb3 bxa3 30. Nxa3 Rb8 31. Rb1 Rdc8 32. Nc4 Rb4 33. Rfc1
Rcb8 34. Nd6 R4b6 35. Rc8+ Rxc8 36. Nxc8 Rb7 37. Nd6 Rd7 38. Nc4 Bc5 39. g3 Rd4
40. Re1 Rd3 41. Rb1 Rc3 42. Rb2 Bd4 43. Rb1 Kf7 44. Nd2 Rc2 45. Nf3 Ke6 46. b4
Bb6 47. Ra1 Rb2 48. Ra4 Kd7 49. g4 Kc6 50. g5 Kb5 51. gxf6 gxf6 52. Ra8 Rf2 53.
Nh4 Kxb4 54. Nf5 Bc5 55. Rh8 Rf4 56. Rxh7 Rxe4 57. Rh6 Rf4 58. Rxf6 e4 59. Kg2
Kc4 60. Kg3 Rf3+ 61. Kg4 Kd5 1/2-1/2

[Event "DEM U16 Oberhof"]
[Site "?"]
[Date "2013.05.19"]
[Round "1.7"]
[White "Oehne, Timo"]
[Black "Meyers, Mark"]
[Result "1/2-1/2"]
[WhiteElo "2027"]
[BlackElo "1940"]
[PlyCount "76"]
[EventDate "2013.??.??"]

1. e4 c5 2. Nf3 e6 3. d4 cxd4 4. Nxd4 a6 5. Nc3 Qc7 6. Bd3 Nf6 7. f4 d6 8. O-O
Be7 9. Kh1 Nbd7 10. Qe2 b5 11. a3 Bb7 12. Bd2 O-O 13. Rae1 Nc5 14. Qe3 d5 15.
e5 Nfe4 16. Bxe4 Nxe4 17. Nxe4 dxe4 18. Qh3 Rfd8 19. Be3 Bd5 20. Qg3 f5 21.
exf6 Bxf6 22. c3 Kh8 23. Qh3 Qe7 24. g4 Bc4 25. Nc6 Bxf1 26. Rxf1 Qd6 27. Nxd8
Bxd8 28. Bd4 Bf6 29. Qe3 Bxd4 30. cxd4 Rd8 31. Qxe4 Qxd4 32. Qxe6 Qxb2 33. Qxa6
Qe2 34. Kg1 Qxg4+ 35. Kh1 Qe2 36. Kg1 h6 37. Qb7 Qg4+ 38. Qg2 Qxg2+ 1/2-1/2

[Event "DEM U16 Oberhof"]
[Site "?"]
[Date "2013.05.19"]
[Round "1.8"]
[White "Hoffmann, Tim"]
[Black "Bonk, Andras"]
[Result "1/2-1/2"]
[WhiteElo "1922"]
[BlackElo "2078"]
[PlyCount "58"]
[EventDate "2013.??.??"]

1. e4 c5 2. Nf3 Nc6 3. d4 cxd4 4. Nxd4 Qb6 5. Nb3 Nf6 6. Nc3 e6 7. Be3 Qc7 8.
a3 a6 9. Be2 Be7 10. O-O d6 11. f4 b5 12. Bf3 Bb7 13. Qe1 Nd7 14. Qf2 Na5 15.
Nxa5 Qxa5 16. e5 d5 17. Ne2 Qc7 18. Nd4 Bc5 19. c3 g6 20. Rfe1 Rc8 21. Bg4 Be7
22. Rad1 Nc5 23. Bf3 h5 24. h4 Kf8 25. Rd2 Kg7 26. Qg3 Kh7 27. Qh3 Kg7 28. Qg3
Kh7 29. Qh3 Kg7 1/2-1/2

[Event "DEM U16 Oberhof"]
[Site "?"]
[Date "2013.05.19"]
[Round "1.10"]
[White "Knopf, Felix"]
[Black "Grunau, Christoph"]
[Result "1-0"]
[WhiteElo "1852"]
[BlackElo "2036"]
[PlyCount "125"]
[EventDate "2013.??.??"]

1. d4 d5 2. c4 dxc4 3. Nc3 a6 4. Nf3 e6 5. e4 Nf6 6. Bxc4 Be7 7. O-O b5 8. Bd3
Bb7 9. Qe2 Nbd7 10. Rd1 Qc8 11. Bf4 c5 12. Rac1 c4 13. Bb1 b4 14. Na4 Qc6 15.
Nc5 Nxc5 16. dxc5 Nxe4 17. Rd4 Nf6 18. Qxc4 a5 19. Qf1 Ba6 20. Bd3 Bxd3 21.
Qxd3 Nd5 22. Ne5 Qa6 23. Qg3 Bf6 24. Bg5 Bxe5 25. Qxe5 O-O 26. Bh6 f6 27. Qg3
Rf7 28. Rg4 Qb7 29. Be3 Qc6 30. Rgc4 Rd8 31. Qf3 Rfd7 32. h4 Ne7 33. Qxc6 Nxc6
34. Bf4 Rd1+ 35. Kh2 e5 36. Be3 Kf7 37. Rxd1 Rxd1 38. Rc2 Ke6 39. a3 bxa3 40.
bxa3 Rd3 41. Rb2 Rxa3 42. Rb7 Ne7 43. Rb6+ Kf7 44. Ra6 Nf5 45. Bd2 a4 46. c6
Ke6 47. Ra8 Nd6 48. c7 Rb3 49. Rd8 Nc8 50. Rxc8 Kd7 51. Rh8 Kxc7 52. Rxh7 a3
53. Rxg7+ Kb6 54. Rg3 Rxg3 55. Kxg3 Kc5 56. h5 Kc4 57. Bc1 a2 58. Bb2 Kb3 59.
Ba1 Kc2 60. h6 Kb1 61. h7 Kxa1 62. h8=Q Kb2 63. Qxf6 1-0

[Event "DEM U16 Oberhof"]
[Site "?"]
[Date "2013.05.19"]
[Round "1.11"]
[White "Richter, Leonard"]
[Black "Brinkmann, Fabian"]
[Result "1-0"]
[WhiteElo "1986"]
[BlackElo "1827"]
[PlyCount "51"]
[EventDate "2013.??.??"]

1. e4 c6 2. d4 d5 3. Nc3 dxe4 4. Nxe4 Nf6 5. Nxf6+ exf6 6. Bf4 Bd6 7. Bg3 Qe7+
8. Be2 Bxg3 9. hxg3 Qb4+ 10. Kf1 Bf5 11. Bd3 Bxd3+ 12. Qxd3 h6 13. Re1+ Kd8 14.
d5 Kc7 15. Rh4 Qd6 16. Rd4 Rd8 17. c4 Na6 18. Ne2 Re8 19. dxc6 Qxc6 20. Qh7
Rad8 21. Rxd8 Rxd8 22. Qxg7 Qe6 23. Qxh6 Nb4 24. Qf4+ Kc8 25. Nc1 Qd7 26. Qe4
1-0